[Event "Skilling Open CCT KO 2021"]
[Site "Online"]
[Date "2020.11.25"]
[Round "1.1"]
[White "Giri, Anish"]
[Black "Carlsen, Magnus"]
[Result "1/2-1/2"]
[WhiteElo "2731"]
[BlackElo "2881"]
[Annotator "TA"]
[PlyCount "92"]
[EventDate "2020.11.20"]
[EventType "k.o."]
[EventCountry "NET"]
[SourceTitle "playchess.com"]
[Source "ChessBase"]
[SourceQuality "1"]

{[%evp 9,92,22,24,25,40,31,29,17,13,13,23,10,36,12,23,25,21,0,0,0,0,0,0,0,0,0,0,0,0,0,0,0,0,0,0,0,0,-2,0,5,14,33,18,6,10,6,6,0,0,0,0,0,0,8,42,42,42,42,42,50,42,20,22,13,26,26,33,22,22,22,22,10,22,10,10,0,0,0,0,0,0,0,0,0,0]} 1. e4 c5 2. Nf3 Nc6 3. Bb5 g6 4. Bxc6 (4. O-O Bg7 5. Bxc6 bxc6 6. Re1 Qc7 7. h3 d6 8. c3 Nf6 9. d4 cxd4 10. cxd4 O-O 11. Nc3 Bb7 12. e5 dxe5 13. dxe5 Rfd8 14. Qc2 {0-1 (55) Giri,A (2776)-Carlsen,M (2870) Kolkata 2019}) 4... dxc6 5. d3 Qc7 6. O-O {B31: Sicilian: 2...Nc6 3 Bb5 g6.} e5 7. a4 {[#]} Nf6 $146 ({Predecessor:} 7... f6 8. a5 Nh6 9. Nc3 Nf7 10. Be3 Rb8 11. Nd2 g5 12. Nc4 Be7 13. Qe2 O-O {0-1 (46) Milliet,S (2394)-Ponomariov,R (2648) Salamanca 2019}) 8. a5 {White has an edge.} Nh5 9. Nc3 Be7 10. Be3 O-O 11. Nd2 Rb8 12. Ne2 Nf4 13. Nc4 Be6 14. b3 b5 15. axb6 axb6 16. Qd2 {[%cal Re2f4]} Nxe2+ 17. Qxe2 b5 18. Nd2 Ra8 19. f3 Ra5 20. Qf2 Rfa8 21. Rac1 Qd6 22. f4 exf4 $1 23. Bxf4 Qd4 24. Be3 Qc3 25. Nf3 {[#] And now Bd2 would win.} Ra1 $1 26. Ng5 Rxc1 27. Bxc1 Rf8 28. Qh4 {[%csl Gg5][%cal Rh4h7]} Qg7 29. Qg3 Qc3 30. Qc7 Qd4+ 31. Kh1 Qd6 (31... Qd7 {is more complex.} 32. Qe5 Qd4 33. Qg3 c4 34. bxc4 bxc4 35. Be3 Qb2) 32. Qxd6 Bxd6 33. Nxe6 fxe6 {[%cal Rf8f1] [#]} 34. Rxf8+ Kxf8 $14 {[%mdl 4096] Endgame KB-KB} 35. c4 Kg7 36. Bg5 h6 37. Be3 g5 38. h3 Kg6 {The position is equal.} 39. Kg1 e5 40. Kf2 b4 41. Kf3 h5 42. g4 h4 43. Bf2 Kf6 44. Be3 Kg6 45. Bf2 Kf6 46. Be3 Kg6 {Weighted Error Value: White=0.04/Black=0.03} 1/2-1/2

[Event "Skilling Open CCT KO 2021"]
[Site "Online"]
[Date "2020.11.25"]
[Round "1.2"]
[White "Aronian, Levon"]
[Black "Nepomniachtchi, Ian"]
[Result "1/2-1/2"]
[WhiteElo "2778"]
[BlackElo "2778"]
[Annotator "TA"]
[PlyCount "74"]
[EventDate "2020.11.20"]
[EventType "k.o."]
[EventCountry "NET"]
[SourceTitle "playchess.com"]
[Source "ChessBase"]
[SourceQuality "1"]

{[%evp 12,74,7,6,25,5,25,30,31,14,41,43,47,34,49,58,45,0,0,0,0,-13,-14,-6,-9,-5,-5,-8,-11,-36,-23,-29,-24,-39,-7,-8,-9,-16,-7,-8,-10,-8,-8,-35,5,0,2,0,5,0,0,0,0,0,0,0,0,0,0,0,0,0,0,0,0]} 1. d4 Nf6 2. Nf3 g6 3. Nc3 d5 4. Bf4 c6 5. e3 Bg7 6. h3 O-O 7. Be2 Qb6 {D00: 1 d4 d5: Unusual lines.} 8. Rb1 Nbd7 9. O-O Re8 {White has an edge.} 10. Bh2 Nf8 {[#]} 11. b4 $146 ({Predecessor:} 11. Bd3 Ne6 12. b4 a6 13. Qe2 Nd7 14. Na4 Qd8 15. c4 b6 16. cxd5 cxd5 17. b5 {½-½ (46) Pavlov Pianov,N-Romanovsky,P Moscow 1927}) 11... Bf5 12. Nd2 N6d7 13. Na4 Qd8 14. Nc5 Nxc5 15. bxc5 b6 16. Ba6 Bc8 17. Bxc8 Rxc8 18. cxb6 axb6 19. c4 c5 20. cxd5 Qxd5 21. Qb3 Qxb3 22. Nxb3 cxd4 23. Nxd4 Bxd4 24. exd4 Ra8 25. Rxb6 Rxa2 26. d5 Rd2 27. d6 exd6 28. Rxd6 {The position is equal.} Rxd6 29. Bxd6 Rd8 30. Bxf8 Kxf8 $11 {[%mdl 4096] Endgame KR-KR} 31. h4 h5 32. g3 Kg7 33. Kg2 Rf8 34. Kg1 Kg8 35. Kg2 Kg7 36. Kg1 Kg8 37. Kg2 Kg7 {Weighted Error Value: White=0.06/Black=0.07} 1/2-1/2

[Event "Skilling Open CCT KO 2021"]
[Site "Online"]
[Date "2020.11.25"]
[Round "1.3"]
[White "Vachier-Lagrave, Maxime"]
[Black "Nakamura, Hikaru"]
[Result "1/2-1/2"]
[WhiteElo "2860"]
[BlackElo "2829"]
[Annotator "TA"]
[PlyCount "134"]
[EventDate "2020.11.20"]
[EventType "k.o."]
[EventCountry "NET"]
[SourceTitle "playchess.com"]
[Source "ChessBase"]
[SourceQuality "1"]

{[%evp 17,134,32,48,23,27,0,0,0,0,0,1,0,27,20,2,10,16,17,22,14,10,17,17,34,32,15,10,0,0,0,57,0,0,-22,-18,-31,-19,-12,-12,-12,-15,-18,0,-20,-15,-15,-15,-15,-15,-10,-12,-13,23,0,0,-8,44,50,44,39,44,47,48,34,41,39,48,34,36,19,7,0,0,0,37,8,6,4,4,0,0,0,0,0,0,-8,-8,-8,0,0,0,0,0,0,0,0,0,0,0,0,0,0,0,0,0,0,0,0,0,0,0,0,0,0,0,-8,8,0,8]} 1. e4 e5 2. Nf3 Nc6 3. Bb5 a6 4. Ba4 d6 5. c3 g6 6. d4 Bd7 7. O-O Bg7 8. Re1 b5 {8...Nf6 is the modern continuation.} 9. Bb3 Nf6 10. Nbd2 {C79: Ruy Lopez: Steinitz-type lines with 3...a6 4 Ba4 Nf6 5 0-0 d6.} O-O 11. Nf1 exd4 12. cxd4 Bg4 $1 13. Be3 Na5 {[#]} ({Don't blunder} 13... Nxe4 $2 14. Bd5 $18) 14. h3 $146 ({Predecessor:} 14. Bc2 Nc4 15. Bc1 c5 16. d5 Nd7 17. Rb1 Qa5 18. a3 b4 19. axb4 cxb4 20. Bd3 {0-1 (44) Alekseenko,K (2563)-Triapishko,A (2508) Sochi 2017}) 14... Bxf3 15. Qxf3 Nd7 16. Rad1 Qe7 17. Bd5 c6 18. Bd2 $36 {[%mdl 2048] White has some pressure.} cxd5 19. Bxa5 dxe4 20. Rxe4 Qf6 21. Qb3 Rae8 22. Rxe8 Rxe8 23. Qc2 Bh6 ({Black should play} 23... d5 $11) 24. Ng3 ({Better is} 24. Nh2 $1 $14 Qf5 25. Qxf5 gxf5 26. Nf3) 24... d5 $11 25. Qb3 Qc6 26. Qd3 Rc8 27. Bd2 Bxd2 28. Qxd2 Qc2 29. Ne2 $1 {[#]} b4 $1 {[%mdl 512]} 30. b3 (30. Qxb4 Qxd1+) 30... a5 31. Nf4 Nf6 32. f3 g5 33. Nd3 Qxd2 34. Rxd2 {[%mdl 4096] Endgame KRN-KRN} Ne8 35. Nc5 Nd6 36. Kf2 f6 (36... Nb5 $11) 37. Nd7 $1 $14 Kf7 38. Nb6 Rc1 39. Nxd5 f5 40. g3 Rh1 41. Kg2 Rc1 42. Nb6 Rc6 43. Nd7 Rc7 44. Nc5 Nb5 $1 45. Nd3 Ke6 46. h4 h6 {The position is equal.} 47. hxg5 hxg5 48. d5+ Kd6 49. f4 gxf4 50. Nxf4 Nc3 51. Kf3 Ne4 52. Re2 Rc3+ 53. Re3 Rc1 54. Re2 Rc3+ 55. Re3 Rc2 {[%cal Re4g5] [#]} 56. Re2 Rxe2 57. Nxe2 Kxd5 $11 {KN-KN} 58. Ke3 Ke5 59. Nd4 Nxg3 {Strongly threatening ...f4+.} 60. Nc6+ Kd5 61. Nxa5 {Cut Off at move 61} Ne4 62. Nc4 Nc3 63. a3 bxa3 64. Nxa3 Kc5 65. Kf4 Kb4 66. Kxf5 Ne4 67. Kxe4 Kxb3 {Weighted Error Value: White=0.07/Black=0.07} 1/2-1/2

[Event "Skilling Open CCT KO 2021"]
[Site "Online"]
[Date "2020.11.25"]
[Round "1.3"]
[White "So, Wesley"]
[Black "Radjabov, Teimour"]
[Result "0-1"]
[WhiteElo "2741"]
[BlackElo "2758"]
[Annotator "TA"]
[PlyCount "134"]
[EventDate "2020.11.20"]
[EventType "k.o."]
[EventCountry "NET"]

{[%evp 17,134,31,39,26,23,9,6,17,15,3,9,0,10,22,17,9,30,22,33,20,21,24,31,7,33,31,16,0,0,-7,55,0,0,-20,-17,-16,-14,-13,-11,-11,-8,-14,0,-12,0,-14,-11,-11,-26,-19,-22,-25,34,0,0,-3,43,52,48,48,33,35,54,33,45,24,24,24,36,0,2,0,0,0,8,8,8,8,8,0,0,0,0,0,0,-8,-8,-8,0,0,0,0,0,0,0,-19,0,0,0,0,0,0,0,0,0,0,0,0,0,0,0,0,0,0,0,-8,8,0,8]} 1. e4 e5 2. Nf3 Nc6 3. Bb5 a6 4. Ba4 d6 5. c3 g6 6. d4 Bd7 7. O-O Bg7 8. Re1 b5 {8...Nf6 is a critical line.} 9. Bb3 Nf6 10. Nbd2 {C79: Ruy Lopez: Steinitz-type lines with 3...a6 4 Ba4 Nf6 5 0-0 d6.} O-O 11. Nf1 exd4 $5 {[%mdl 4] Exploring less charted territory.} 12. cxd4 Bg4 13. Be3 Na5 {[#]} ({Don't go for} 13... Nxe4 $2 14. Bd5 $18) 14. h3 $146 ({Predecessor:} 14. Bc2 Nc4 15. Bc1 c5 16. d5 Nd7 17. Rb1 Qa5 18. a3 b4 19. axb4 cxb4 20. Bd3 {0-1 (44) Alekseenko,K (2563)-Triapishko,A (2508) Sochi 2017}) 14... Bxf3 15. Qxf3 Nd7 16. Rad1 Qe7 17. Bd5 c6 18. Bd2 cxd5 19. Bxa5 dxe4 20. Rxe4 Qf6 21. Qb3 Rae8 22. Rxe8 Rxe8 23. Qc2 Bh6 (23... Qf4 $11) 24. Ng3 (24. Nh2 $1 $14 Qf5 25. Qxf5 gxf5 26. Nf3) 24... d5 $11 25. Qb3 Qc6 26. Qd3 Rc8 27. Bd2 Bxd2 28. Qxd2 Qc2 29. Ne2 {[#]} b4 $1 {[%mdl 512]} 30. b3 (30. Qxb4 Qxd1+) 30... a5 31. Nf4 Nf6 32. f3 g5 33. Nd3 Qxd2 34. Rxd2 {[%mdl 4096] Endgame KRN-KRN} Ne8 ({Better is} 34... Nh5 $11) 35. Nc5 Nd6 36. Kf2 f6 37. Nd7 $1 {[%cal Rd7f6]} Kf7 38. Nb6 Rc1 39. Nxd5 f5 40. g3 (40. h4 $5) 40... Rh1 41. Kg2 Rc1 42. Nb6 Rc6 43. Nd7 {[#] aiming for Ne5+.} Rc7 {The position is equal.} 44. Nc5 Nb5 $1 45. Nd3 Ke6 46. h4 h6 47. hxg5 hxg5 48. d5+ Kd6 49. f4 gxf4 50. Nxf4 Nc3 51. Kf3 Ne4 52. Re2 Rc3+ 53. Re3 Rc1 54. Re2 Rc3+ 55. Re3 Rc2 {[%cal Re4g5]} 56. Re2 Rxe2 57. Nxe2 Kxd5 {KN-KN} 58. Ke3 Ke5 59. Nd4 Nxg3 {Hoping for ...f4+.} 60. Nc6+ Kd5 61. Nxa5 {Cut Off at move 61} Ne4 62. Nc4 Nc3 63. a3 bxa3 64. Nxa3 Kc5 65. Kf4 Kb4 66. Kxf5 Ne4 67. Kxe4 Kxb3 {[%mdl 32768] Weighted Error Value: White=0.06/Black=0.08. Sensor Board Error (Ke4/e5)?} 0-1

[Event "Skilling Open CCT KO 2021"]
[Site "Online"]
[Date "2020.11.25"]
[Round "1.4"]
[White "Nakamura, Hikaru"]
[Black "Vachier-Lagrave, Maxime"]
[Result "1/2-1/2"]
[WhiteElo "2829"]
[BlackElo "2860"]
[Annotator "TA"]
[PlyCount "117"]
[EventDate "2020.11.20"]
[EventType "k.o."]
[EventCountry "NET"]
[SourceTitle "playchess.com"]
[Source "ChessBase"]
[SourceQuality "1"]

{[%evp 9,117,-37,-16,-40,-36,-37,-34,-54,-54,-96,-90,-94,-91,-106,-102,-95,-85,-81,-57,-91,-81,-151,-11,-58,-49,-87,-77,-115,-113,-100,-115,-118,-76,-91,-52,-68,-64,-64,-45,-41,-40,-92,-92,-177,-97,-85,-85,-72,0,0,0,0,12,12,33,8,16,19,8,8,19,14,20,14,10,10,25,16,17,5,90,0,0,0,0,0,0,0,0,-8,-8,-8,-8,-8,-8,-8,-8,-8,-8,-8,-8,-18,-8,-8,-8,-8,-8,-9,0,0,0,0,0,0,0,0,8,8,8,8]} 1. d4 Nf6 2. Bg5 d5 3. e3 c5 4. Bxf6 gxf6 5. c3 Qb6 6. Qd2 {D00: 1 d4 d5: Unusual lines.} Nc6 {[#]} 7. dxc5 $146 ({Predecessor:} 7. Nf3 Rg8 8. g3 e5 9. Bg2 Be6 10. O-O cxd4 11. exd4 O-O-O 12. b3 h5 13. Qe3 {0-1 (26) Wang,C (2529)-Bu,X (2710) Shenzhen 2015}) 7... Qxc5 8. Ne2 {Black is slightly better.} e5 9. Ng3 Be6 10. Be2 O-O-O 11. O-O Kb8 12. b4 Qd6 13. Na3 d4 14. Nc4 Qc7 $1 15. b5 {[#]} (15. cxd4 $142 exd4 16. Rac1) 15... Bxc4 (15... d3 $1 $17 {[%mdl 512]} 16. bxc6 (16. Bxd3 Bxc4) 16... dxe2 17. Qxe2 Qxc6) 16. Bxc4 $11 Na5 17. Bd3 Qxc3 18. Qe2 dxe3 19. Rad1 exf2+ 20. Kh1 Bc5 21. Ne4 Qa3 22. Nxf6 Bd4 23. Ng4 $1 Qc5 24. Rc1 $1 {[%cal Rc1c5]} Qd5 25. Be4 (25. Nxf2 $15 Bxf2 26. Be4) 25... Qe6 26. Ne3 (26. Qf3 $17) 26... Bxe3 (26... Rhf8 $19 27. Bf5 Qh6) 27. Qxe3 $17 f5 28. Bc2 Nc4 (28... Rhe8 $17 29. Qxf2 f4) 29. Qxf2 $11 Rd2 30. Bxf5 Rxf2 31. Bxe6 Rxf1+ 32. Rxf1 {[%mdl 4096] Endgame KRB-KRN} Na3 33. Rf7 Nxb5 34. Bd5 Nc7 35. Be4 h6 $1 36. g4 b5 37. Kg2 a5 38. h4 b4 39. Rf6 {And now Rb6+ would win.} Kc8 (39... Ka7 $1 $11 {remains equal.}) 40. Rd6 (40. Rb6 $16 {Black must now prevent Bf5+.} Ne8 41. Rb5) 40... Nb5 {The position is equal.} 41. Rd5 Nc3 42. Rxa5 {Ra8+ is the strong threat.} Kc7 43. Bg6 ({But not} 43. Rxe5 Kd6 $17) 43... Kd6 44. Ra6+ Kc5 45. Bf7 e4 46. g5 hxg5 47. hxg5 e3 {Threatening ...e2.} 48. g6 e2 49. Re6 {Hoping for g7.} Rh5 {White should prevent ...Kd4.} 50. Kf2 {White wants to play g7.} Rf5+ 51. Ke1 $1 Rf1+ 52. Kd2 Rd1+ 53. Kc2 {Strongly threatening g7.} e1=Q 54. Rxe1 Rxe1 55. g7 Rg1 56. g8=Q Rxg8 57. Bxg8 Nxa2 58. Bxa2 b3+ 59. Bxb3 {Weighted Error Value: White=0.12/Black=0.14} 1/2-1/2

[Event "Skilling Open CCT KO 2021"]
[Site "Online"]
[Date "2020.11.25"]
[Round "1.4"]
[White "Nepomniachtchi, Ian"]
[Black "Aronian, Levon"]
[Result "0-1"]
[WhiteElo "2778"]
[BlackElo "2778"]
[Annotator "TA"]
[PlyCount "56"]
[EventDate "2020.11.20"]
[EventType "k.o."]
[EventCountry "NET"]
[SourceTitle "playchess.com"]
[Source "ChessBase"]
[SourceQuality "1"]

{[%evp 12,56,13,8,38,9,33,34,36,35,27,24,28,26,38,27,36,-10,4,-2,35,1,133,19,35,25,33,9,18,17,22,13,33,27,19,0,0,-22,-37,-213,-211,-197,-196,-29991,-29992,-29992,-29993]} 1. e4 e5 2. Nf3 Nc6 3. Bc4 Bc5 4. c3 Nf6 5. d3 O-O 6. O-O d6 7. h3 {7.Re1 is the modern continuation.} Re8 {C54: Giuoco Piano: 4 c3 Nf6, main lines with 5 d4 and 5 d3.} 8. Nbd2 Be6 9. b4 Bb6 {White is slightly better.} 10. a4 {[#] Black must now prevent Bxe6.} a6 11. Bxe6 Rxe6 12. Qc2 {[#]} d5 $146 ({Predecessor:} 12... Nh5 13. Nc4 Nf6 14. Rb1 Ba7 15. b5 axb5 16. axb5 Nb8 17. Bg5 h6 18. Bxf6 Rxf6 {1-0 (62) Rozhnev,I (2193)-Parente,M (1651) ICCF email 2017}) 13. Bb2 Nh5 {aiming for ...Nf4.} 14. b5 Ne7 $1 {[%cal Bc6e7,Be7g6,Bg6h4][%mdl 32]} 15. c4 dxe4 16. Nxe4 {Threatening c5.} c6 (16... Nf4 $11 {remains equal.}) 17. Nxe5 (17. bxa6 $16 bxa6 18. Bxe5) 17... Ng6 $1 $11 {[%cal Rg6e5]} 18. d4 Nhf4 19. Nf3 Nh4 $1 {[%cal Rh4f3]} 20. Nxh4 Qxh4 21. Ng3 $1 Rae8 22. bxc6 bxc6 23. Bc3 h5 24. Rab1 Bc7 $40 {[%mdl 128] Strongly threatening ...Nxh3+! White needs to defend precisely.} 25. Rb7 $2 {Loses the game.} ({White should play} 25. Rbe1 $15) 25... Nxh3+ $1 $19 26. gxh3 Bxg3 27. d5 $2 {[#]} (27. fxg3 $19 Qxg3+ 28. Qg2 Qxc3 29. Rbxf7 Qxd4+ 30. Kh1) 27... Qxh3 $1 {[%csl Gg3][%cal Rh3h2][%mdl 512]} 28. fxg3 Re2 {Weighted Error Value: White=0.54/Black=0.14} 0-1

[Event "Skilling Open CCT KO 2021"]
[Site "Online"]
[Date "2020.11.25"]
[Round "1.4"]
[White "Giri, Anish"]
[Black "Carlsen, Magnus"]
[Result "0-1"]
[WhiteElo "2731"]
[BlackElo "2881"]
[Annotator "TA"]
[PlyCount "102"]
[EventDate "2020.11.20"]
[EventType "k.o."]
[EventCountry "NET"]
[SourceTitle "playchess.com"]
[Source "ChessBase"]
[SourceQuality "1"]

{[%evp 12,102,38,12,38,11,7,6,25,25,23,7,33,34,39,42,46,43,31,42,46,0,0,0,0,0,0,-36,-22,-33,-33,-49,-41,-49,-45,-50,-50,-50,-23,-24,-31,-31,-23,-112,-112,-114,-111,-162,-153,-164,-154,-164,-146,-233,-243,-539,-489,-630,-607,-631,-560,-550,-455,-979,-956,-889,-858,-1378,-828,-1651,-1695,-29964,-29966,-12098,-6748,-29974,-29973,-29973,-29973,-29973,-29973,-29976,-29977,-29973,-12850,-29978,-29979,-29979,-29980,-29980,-6619,-29963,-5780]} 1. e4 e5 2. Nf3 Nc6 3. Bc4 Bc5 4. O-O Nf6 5. d3 d6 6. c3 h6 {6...a6 is setting a new trend.} 7. Nbd2 {[%cal Bb1d2,Bd2f1,Bf1e3][%mdl 32]} O-O {C54: Giuoco Piano: 4 c3 Nf6, main lines with 5 d4 and 5 d3.} 8. Re1 (8. b4 $5 {[%cal Rb4c5]} Bb6 9. a4 $11) 8... a5 (8... Re8 9. b4 Bb6 10. a4 a5 11. b5 Ne7 12. Qb3 Rf8 13. d4 Ng6 14. h3 Nh5 15. Bf1 Qf6 16. Qd1 exd4 17. cxd4 Bxd4 18. e5 Bxf2+ 19. Kxf2 Nxe5 {1-0 (28) Giri,A (2764)-Carlsen,M (2863) chess24.com INT 2020}) 9. Nf1 Be6 {The position is equal.} 10. Bb5 Ne7 11. d4 Ba7 $5 {[%mdl 4] Leaves trodden paths.} 12. dxe5 Ng4 13. Be3 {[#] Hoping for Bxa7.} Nxe3 $5 $146 {[%mdl 8] An interesting novelty.} ({Predecessor:} 13... Nxe5 14. Bxa7 Rxa7 15. Nd4 N7g6 16. Ne3 Bd7 17. Bf1 a4 18. g3 Ne7 19. f4 N5c6 {1-0 (52) Jakovenko,D (2714)-Svidler,P (2745) Germany 2017}) 14. Nxe3 dxe5 15. Nxe5 Ng6 16. Nxg6 fxg6 17. Qxd8 Raxd8 18. Re2 Bxe3 19. fxe3 Kf7 20. Ba4 Ke7 {[%mdl 1024] Black has compensation.} 21. h3 Bc4 22. Rc2 $1 Rd3 23. Re1 Kd6 24. Bb3 Ba6 25. Rcc1 $1 Ke5 26. Rcd1 Rfd8 27. Rxd3 (27. Rf1 $1 $11) 27... Bxd3 $11 {[%mdl 4096] Endgame KRB-KRB. White is now going downhill.} 28. Kf2 Rd6 (28... Bxe4 29. Rd1 $15) 29. Bd1 {[#]} (29. h4 $17 {was necessary.}) 29... Bc4 $1 $19 ({Don't play} 29... Bxe4 30. Bf3 $11) 30. b3 {[#]} Rd2+ $1 31. Kg3 Be6 32. Rf1 (32. a4 $17 {keeps fighting.}) 32... Rxa2 33. Bg4 $2 (33. Rf2 {might work better.} Ra1 34. Rd2) 33... Bxb3 34. Rf8 {and the idea Re8+ leaves White hopeful.} Kxe4 35. Rc8 Kxe3 36. Rxc7 Bd5 37. Bf3 (37. Re7+ $142 Kd3 38. Rd7 Rxg2+ 39. Kf4) 37... Bxf3 38. gxf3 {KR-KR} Rb2 39. Rxg7 Rb6 40. c4 Kd4 41. Rc7 a4 {[%cal Ba5a4,Ba4a3,Ba3a2][%mdl 32]} 42. c5 Ra6 43. Rxb7 Kxc5 44. Rc7+ Kb6 45. Rc1 a3 46. h4 a2 47. Ra1 Ra4 (47... Kb5 $142 48. h5 gxh5 49. Kh4 Kb4 50. Kxh5 Kb3 51. Re1 a1=Q 52. Rxa1 Rxa1 53. f4 Rf1 54. Kxh6 Rxf4 55. Kh5 Kc4 56. Kg5 Rf8 57. Kg6 Kd4 58. Kg7 Rf5 59. Kh7 Ke5 60. Kg7 Ke6 61. Kg6 Rc5 62. Kg7 Rg5+ 63. Kh6 Kf6 64. Kh7 Rh5+ 65. Kg8 Rh4 66. Kf8 Rh8#) 48. f4 h5 49. Kf3 Kc5 50. Ke3 Kd5 (50... Kb4 $142 51. Kd4 Kb3+ 52. Ke5 Kb2 53. Rg1 a1=Q 54. Rxa1 Kxa1 55. f5 gxf5 56. Kxf5 Rxh4 57. Kg5 Rh1 58. Kh6 h4 59. Kh5 h3 60. Kg4 Kb2 61. Kf4 Rg1 62. Kf3 h2 63. Kf4 h1=Q 64. Ke5 Qh5+ 65. Ke4 Rg4+ 66. Kf3 Qh3+ 67. Ke2 Rg2+ 68. Kf1 Qh1#) 51. Kf3 Ke6 {Weighted Error Value: White=0.97/Black=0.46} (51... Kd4 $142 52. Ke2 Kc3 53. Rc1+ Kb2 54. Rh1 a1=Q 55. Rxa1 Rxa1 56. Kf3 Ra4 57. Ke2 Rxf4 58. Kd3 Rxh4 59. Kd2 Rf4 60. Ke3 g5 61. Kd2 h4 62. Kd3 h3 63. Kd2 h2 64. Kd3 h1=Q 65. Kd2 Qh2+ 66. Ke3 Qf2+ 67. Kd3 Rd4#) 0-1

[Event "Skilling Open CCT KO 2021"]
[Site "Online"]
[Date "2020.11.25"]
[Round "1.5"]
[White "Nakamura, Hikaru"]
[Black "Vachier-Lagrave, Maxime"]
[Result "1-0"]
[WhiteElo "2829"]
[BlackElo "2860"]
[Annotator "TA"]
[PlyCount "53"]
[EventDate "2020.11.20"]
[EventType "k.o."]
[EventCountry "NET"]
[SourceTitle "playchess.com"]
[Source "ChessBase"]
[SourceQuality "1"]

{[%evp 12,53,10,15,11,9,20,0,77,76,78,74,75,72,84,88,93,76,85,75,131,89,141,105,119,110,124,110,166,149,154,143,151,161,246,237,236,226,300,284,369,378,485,434]} 1. e4 c5 2. Nf3 d6 3. d4 cxd4 4. Nxd4 Nf6 5. Nc3 a6 6. Bd3 e5 7. Nde2 Nc6 {B90: Sicilian Najdorf: Unusual White 6th moves, 6 Be3 Ng4 and 6 Be3 e5.} 8. O-O Be6 9. Ng3 {[#]} d5 $146 (9... Be7 $11 {keeps the balance.}) ({Predecessor:} 9... Be7 10. a3 h6 11. Kh1 O-O 12. f4 exf4 13. Bxf4 Ne5 14. Be3 d5 15. exd5 Nxd5 16. Nxd5 Bxd5 {0-1 (45) Trujillo,F (1900)-Rivera,I (2169) Puerto Boyaca 2012}) 10. Bg5 $16 dxe4 11. Ncxe4 {[#] Black must now prevent Nh5.} Be7 12. Bxf6 gxf6 13. Qh5 Qc7 14. Qh6 O-O-O 15. Nxf6 Nd4 (15... Kb8 $142) 16. Rad1 Bxa2 ({Better is} 16... Qb6) 17. Nf5 Be6 18. Nxe7+ Qxe7 19. Rfe1 Nc6 (19... Kb8 $16 {was called for.}) 20. Bxh7 Qb4 21. b3 Kb8 22. Qg5 Rd4 (22... Rxd1 $142 23. Rxd1 Qf4 24. Qxf4 exf4) 23. Be4 $18 Rhd8 24. Rc1 Qc3 25. h4 Ka8 26. h5 Rd2 27. Bd3 {Black did not feel at home in the position after the opening.  Weighted Error Value: White=0.07/Black=0.34} 1-0

[Event "Skilling Open CCT KO 2021"]
[Site "Online"]
[Date "2020.11.25"]
[Round "1.5"]
[White "Nepomniachtchi, Ian"]
[Black "Aronian, Levon"]
[Result "1-0"]
[WhiteElo "2778"]
[BlackElo "2778"]
[Annotator "TA"]
[PlyCount "91"]
[EventDate "2020.11.20"]
[EventType "k.o."]
[EventCountry "NET"]
[SourceTitle "playchess.com"]
[Source "ChessBase"]
[SourceQuality "1"]

{[%evp 13,91,5,13,18,18,16,16,14,0,14,18,4,27,9,15,19,22,21,48,55,46,41,113,100,94,80,172,169,251,259,243,254,253,258,251,261,255,228,345,335,440,392,496,416,416,416,408,401,401,400,392,397,356,383,372,336,508,506,462,481,536,561,525,524,877,887,825,564,1512,1539,29967,1824,6532,1684,29971,29972,29971,29971,29985,29986]} 1. e4 e5 2. Nf3 Nc6 3. Bc4 Bc5 4. c3 Nf6 5. d3 O-O 6. O-O d6 7. h3 {7.Re1 is setting a new trend.} Bb6 8. Re1 {C54: Giuoco Piano: 4 c3 Nf6, main lines with 5 d4 and 5 d3.} Ne7 9. d4 Ng6 10. Bf1 $5 {[%mdl 4] The position is equal. An interesting side line.} c6 11. Nbd2 Re8 12. Qc2 Bc7 {[#]} 13. b3 $5 $146 {[%mdl 8] An interesting novelty.} ({Predecessor:} 13. dxe5 dxe5 14. Nc4 Nh5 15. Bg5 f6 16. Rad1 Qe7 17. Bc1 b5 18. Ne3 Nhf4 19. Nf5 {1-0 (32) Santos Latasa,J (2585)-Ashwath,R (2388) Budapest 2019}) 13... d5 14. exd5 Nxd5 15. c4 Ndf4 16. dxe5 Nxe5 17. Bb2 {[%cal Rb2e5]} Neg6 {Black is now going downhill.} ({Better is} 17... f6 $14) 18. Qc3 {[%csl Gb2][%cal Rc3g7]} f6 {[#]} 19. Ne4 $1 Bf5 (19... Be6 $16 {was called for.}) 20. Rad1 $18 Bxe4 (20... Qe7 $142) 21. Rxd8 Raxd8 22. g3 Bxf3 23. Rxe8+ Rxe8 24. Qxf3 Ne6 25. Qd3 Nc5 (25... Be5 {was necessary.}) 26. Qd4 Bb6 27. b4 Ne5 {...Nf3+ is the strong threat.} 28. Qd1 Rd8 29. Qb1 Ncd3 30. Bxe5 Nxe5 31. c5 Bc7 32. Qb3+ Kf8 33. f4 Nf7 34. Qe6 h5 (34... Re8 $142 35. Qf5 Re7 36. Qxh7 a5 37. bxa5 Bxa5) 35. Bc4 {[%csl Gc4][%cal Re6f7]} Nh6 36. h4 a5 37. b5 cxb5 38. Bxb5 a4 39. Bxa4 Ba5 40. Bb3 Bc3 {[#]} 41. Qb6 $1 {[%cal Rb6d8]} Bd4+ {[#]} 42. Kf1 $1 {[%cal Rb6d8]} Rd7 43. Qb4 (43. Ba4 $142 Bxc5 44. Qxc5+ {[%mdl 64] Double Attack} Re7 45. f5 Nxf5 46. Qxf5) 43... Nf5 44. c6+ {White mates.} Re7 45. cxb7 {[%cal Rb7b8]} Ne3+ 46. Kg1 {Weighted Error Value: White=0.15/Black=0.66} 1-0